Statistiques concernant Questions insolites sur Pokémon (difficile)

Cliquez ici pour prendre le quiz!

Statistiques générales

  • Ce quiz a été pris 132 fois
  • Le résultat moyen est 3 sur 10

Statistiques - réponses

Question Réponse % Correct
Quel est le seul membre de Conseil 4 à avoir moins de 3 Pokémon du type qu'il est censé représenter, avec donc un typage aussi varié qu'un Maître Pokémon ?Adrien
62%
De nombreuses personnes ont assisté jadis à la première méga-évolution de l'Histoire, lors du conflit entre Groudon et Kyogre. Parmi elles se trouvait une personnalité importante, qui était-ce ?AZ
47%
Je suis parent sans n'avoir jamais eu de partenaire, en réalité je viens même juste de naître, qui suis-je ?Kangourex
42%
Que signifie le N du personnage éponyme, roi de la Team Plasma ?Natural
39%
Quels sont les deux seuls messieurs à pouvoir se reproduire ensemble ?M. Mime
34%
Quelles sont les deux seules villes à avoir conclu un jumelage entre elles ?Lavandia et Illumis
22%
Au sommet de quel ancien lieu sacré, aujourd'hui connu sous le nom de Tour Cendrée, perchait autrefois Lugia ?Tour de Cuivre
22%
Il s'agit du seul endroit où l'on peut entendre des personnages s'exprimer oralement (pas avec des textes) dans la série principale, pour être plus précis, ils chantent. Quel est ce lieu-dit ?Pont du Hameau
21%
Dans quel pays les scientifiques ont ils découvert les toutes premières traces de Mew ?Guyana
17%
On peut apercevoir une partie d'une installation sportive unique près de Neuvartault, de quel genre d'installation s'agit-il ?D'un hippodrome
14%

Distribution des résultats

Percentile by Number Answered

% des personnes avec chaque résultat

Votre développement - résultats

Vous n’avez pas pris ce quiz